Compagnies de Chevaliers-Mages dans Black Clover - Statistiques

Statistiques générales
  • Ce quiz a été pris 145 fois
  • Le résultat moyen est 6 sur 11
Statistiques - réponses
Compagnies de Chevaliers-Mages dans Black Clover % Correct
Taureau Noir
99%
Aube d'Or
81%
Aigle d'Argent
76%
Lion Flamboyant
70%
Orque Magenta
62%
Rose Bleue
62%
Mante d'Emeraude
48%
Paon de Corail
45%
Cerf Cendré
30%
Serpent Blanc
13%
Cert Turquoise
5%
Aucun quiz correspondant
Distribution des résultats
% des personnes avec chaque résultat
Percentile par nombre de réponses
Votre historique - résultats
Vous n’avez pas pris ce quiz